Этика. Принятие нравственных решений (Запис № 390851)

МАРК-запис
000 -Лідер
fixed length control field 00661nam a22002417a 4500
003 - Ідентифікатор контрольного номера
control field UA-OsUOA
001 - Контрольний номер
control field 104656
007 - Фіксоване поле фізичного опису
fixed length control field ta
008 - Елементи даних фіксованої довжини – загальна інформація
fixed length control field 20140124b un ||||| |||| 00| 0 ukr d
090 ## - Локальний шифр розміщення
Класифікаційний індекс УДК 268:17
Авторський знак (НП) Х72
040 ## - Джерело каталогізації
Агенція оригінальної каталогізації UA-OsUOA
Мова каталогізації ukr
Агенція, яка здійснювала перезапис UA-OsUOA
Агенція, яка здійснювала модифікацію UA-OsUOA
041 ## - Код мови
Код мови тексту/ звукової доріжки чи окремого заголовка (П) ukr
080 ## - Індекс Універсальної десяткової класифікації
Індекс Універсальної десяткової класифікації (УДК) (НП) 268:17
020 ## - Міжнародний стандартний книжковий номер (ISBN)
Міжнародний стандартний книжковий номер (ISBN) (НП) 978-966-491-473-1
100 ## - Основне введення – ім’я особи
Ім’я особи (НП) Холмс А. Ф.
245 ## - Відомості про назву
Назва (НП) Этика. Принятие нравственных решений
260 ## - Публікація, розповсюдження і т.п. (Вихідні дані)
Місце публікації, розповсюдження і т.п. (П) Симферополь
Ім’я/ наймення видавництва, розповсюджувача і т.п. (П) ДИАЙПИ
Дата публікації, розповсюдження і т.п. (П) 2013
300 ## - Фізичний опис
Обсяг 176 с.
650 #7 - Додаткове предметне введення – тематичний термін
Тематичний термін чи географічна назва, як елемент введення (НП) 26 Християнська Церква загалом
Джерело заголовка чи терміна UDC
942 ## - Додаткові елементи входу (Коха)
Тип елемента Koha Книги
955 ## - Код типу видання за змістом
Код типу видання за змістом (НП) Наукові видання
Фонди
Стан вилучень Стан втрат Джерело класифікації або схеми стелажів Стан уражень Не для кредиту Постійне місце розташування Поточне розміщення Дата придбання Джерело придбання Вартість, звичайна ціна покупки Інвентарний номер Усього замовленно Повний номер виклику Штрих-код Дата останнього перегляду Ціна ефективна від Тип елемента Koha
    Universal Decimal Classification     АБ - Абонемент НБ АБ - Абонемент НБ 24/01/2014 2/2014 18.00 144768   268:17 Х72 144768 05/11/2021 24/01/2014 Книги
    Universal Decimal Classification     АБ - Абонемент НБ АБ - Абонемент НБ 24/01/2014 2/2014 18.00 144769   268:17 Х72 144769 03/11/2021 24/01/2014 Книги
    Universal Decimal Classification     ЧЗ - Читальна зала ЧЗ - Читальна зала 24/01/2014 2/2014 18.00 144766   268:17 Х72 144766 07/02/2022 24/01/2014 Книги
    Universal Decimal Classification     ЧЗ - Читальна зала ЧЗ - Читальна зала 24/01/2014 2/2014 18.00 144767   268:17 Х72 144767 07/02/2022 24/01/2014 Книги